Focus 1 (Record no. 76441)
[ view plain ]
| 000 -LEADER | |
|---|---|
| fixed length control field | 00874cab a2200217 4500 |
| 001 - CONTROL NUMBER | |
| control field | ##L132439 |
| 008 - FIXED-LENGTH DATA ELEMENTS--GENERAL INFORMATION | |
| fixed length control field | 060208n2006 000 0 eng u |
| 035 ## - SYSTEM CONTROL NUMBER | |
| System control number | (Sirsi) u132439 |
| 041 0# - LANGUAGE CODE | |
| Language code of text/sound track or separate title | eng |
| 100 1# - MAIN ENTRY--PERSONAL NAME | |
| Personal name | Soames, Michael |
| 245 00 - TITLE STATEMENT | |
| Title | Focus 1 |
| Remainder of title | London - west |
| 260 ## - PUBLICATION, DISTRIBUTION, ETC. | |
| Date of publication, distribution, etc. | 2006 |
| 490 #0 - SERIES STATEMENT | |
| Series statement | Estates Gazette |
| Volume/sequential designation | (0605) 4 February 2006, 83-95(9) |
| 520 ## - SUMMARY, ETC. | |
| Summary, etc. | Covers central London prime office rents at the threshold of £100 per sq ft and Kensington and Chelsea's thriving small office market. Reports on office and retail relocation to Hammersmith and Fulham and on a lack of large-scale development in Hounslow and Uxbridge leaving a chronic shortage of grade A space. |
| 590 ## - LOCAL NOTE (RLIN) | |
| Local note | IKA140206 |
| 690 ## - LOCAL SUBJECT ADDED ENTRY--TOPICAL TERM (OCLC, RLIN) | |
| Topical term or geographic name as entry element | PROPERTY-COMMERCIAL PROPERTY-COMMERCIAL PROPERTY MARKET |
| 700 1# - ADDED ENTRY--PERSONAL NAME | |
| Personal name | Harris, David |
| 700 1# - ADDED ENTRY--PERSONAL NAME | |
| Personal name | Taylor, Andrew |
| 700 1# - ADDED ENTRY--PERSONAL NAME | |
| Personal name | Jack, Simon |
| 942 ## - ADDED ENTRY ELEMENTS (KOHA) | |
| Suppress in OPAC | 0 |
| Withdrawn status | Lost status | Source of classification or shelving scheme | Damaged status | Not for loan | Home library | Current library | Shelving location | Date acquired | Total Checkouts | Full call number | Barcode | Date last seen | Copy number | Price effective from | Koha item type |
|---|---|---|---|---|---|---|---|---|---|---|---|---|---|---|---|
| Dewey Decimal Classification | London | London | Journal article | 08/02/2006 | L132439 | 132439-1001 | 06/08/2019 | 1 | 06/08/2019 | Journal article |